Schizofrenie v dětství a adolescenci / Eva Malá
Record details
- ISBN: 80-247-0737-3
- Physical Description: 194 s. : il., portréty ; 24 cm
- Edition: Vyd. 1.
- Publisher: Praha : Grada, 2005
Content descriptions
| General Note: | V pub. též uvedeno logo Avicena |
| Bibliography, etc. Note: | Obsahuje bibliografii, bibliografické odkazy a rejstřík |
Search for related items by subject
| Subject: | schizofrenie nemoci u dětí děti a mládež schizophrenia diseases of children children and youth |
| Genre: | monografie monographs |
Search for related items by series
Available copies
- 1 of 1 copy available at Common Catalog SPOK.
Holds
- 0 current holds with 1 total copy.
Show Only Available Copies
| Location | Call Number / Copy Notes | Barcode | Shelving Location | Status | Due Date |
|---|---|---|---|---|---|
| Jabok Library | Psy-8.4/M | 424480017922 | Odborná literatura | Available | - |
| LDR | 01386nam a2200433 a 4500 | ||
|---|---|---|---|
| 001 | 11548 | ||
| 003 | CZ-PrJAB | ||
| 005 | 20190925092901.0 | ||
| 007 | ta | ||
| 008 | 050809s2005 xr ac f 001 0 cze | ||
| 015 | . | ‡acnb001534589 | |
| 020 | . | ‡a80-247-0737-3 ‡q(brož.) | |
| 035 | . | ‡a(CZ PrNK)cpk20051534589 | |
| 035 | . | ‡a(OCoLC)85145062 | |
| 040 | . | ‡aABA001 ‡bcze | |
| 072 | 7. | ‡a616-053.2 ‡xPediatrie ‡2Konspekt ‡914 | |
| 080 | . | ‡a616.895.8 ‡2MRF | |
| 080 | . | ‡a616.1/.9-053.2 ‡2MRF | |
| 080 | . | ‡a316.346.32-053.2 ‡2MRF | |
| 080 | . | ‡a(048.8) ‡2MRF | |
| 100 | 1 | . | ‡aMalá, Eva, ‡d1940- ‡7jk01073165 ‡4aut |
| 245 | 1 | 0. | ‡aSchizofrenie v dětství a adolescenci / ‡cEva Malá |
| 250 | . | ‡aVyd. 1. | |
| 260 | . | ‡aPraha : ‡bGrada, ‡c2005 | |
| 300 | . | ‡a194 s. : ‡bil., portréty ; ‡c24 cm | |
| 490 | 1 | . | ‡aPsyché |
| 500 | . | ‡aV pub. též uvedeno logo Avicena | |
| 504 | . | ‡aObsahuje bibliografii, bibliografické odkazy a rejstřík | |
| 650 | 0 | 7. | ‡aschizofrenie ‡7ph125438 ‡2czenas |
| 650 | 0 | 7. | ‡anemoci u dětí ‡7ph134932 ‡2czenas |
| 650 | 0 | 7. | ‡aděti a mládež ‡7ph119707 ‡2czenas |
| 650 | 0 | 9. | ‡aschizophrenia ‡2eczenas |
| 650 | 0 | 9. | ‡adiseases of children ‡2eczenas |
| 650 | 0 | 9. | ‡achildren and youth ‡2eczenas |
| 655 | 7. | ‡amonografie ‡7fd132842 ‡2czenas | |
| 655 | 9. | ‡amonographs ‡2eczenas | |
| 830 | 0. | ‡aPsyché (Grada) | |
| 910 | . | ‡aABG312 | |
| 995 | . | ‡aska | |
| 901 | . | ‡a11548 ‡bCZ-PrJAB ‡c11548 ‡tbiblio | |